Catálogo público

Kafka en la orilla / (Record no. 177600)

MARC details
000 -CABECERA
campo de control de longitud fija 01153nam a2200361Ia 4500
001 - NÚMERO DE CONTROL
campo de control dia_6528
003 - IDENTIFICADOR DEL NÚMERO DE CONTROL
campo de control CHAP
005 - FECHA Y HORA DE LA ÚLTIMA TRANSACCIÓN
campo de control 20251023152515.0
008 - DATOS DE LONGITUD FIJA--INFORMACIÓN GENERAL
campo de control de longitud fija 220117s2013 xx 000 0 und d
010 ## - NÚMERO DE CONTROL DE LA BIBLIOTECA DEL CONGRESO
Número de control de LC 177600
020 ## - NÚMERO INTERNACIONAL ESTÁNDAR DEL LIBRO
Número Internacional Estándar del Libro 978-607-421-004-0
040 ## - FUENTE DE LA CATALOGACIÓN
Centro/agencia transcriptor CHAP
082 ## - NÚMERO DE LA CLASIFICACIÓN DECIMAL DEWEY
Número de clasificación 808.8381 M87 K34 2013
100 ## - ENTRADA PRINCIPAL--NOMBRE DE PERSONA
Nombre de persona Murakami, Haruki
9 (RLIN) 160491
245 ## - MENCIÓN DE TÍTULO
Título Kafka en la orilla /
Mención de responsabilidad, etc. Haruki Murakami ; traducción Lourdes Porta
260 ## - PUBLICACIÓN, DISTRIBUCIÓN, ETC.
Lugar de publicación, distribución, etc. México :
Nombre del editor, distribuidor, etc. Tusquets Editores México,
Fecha de publicación, distribución, etc. 2013
300 ## - DESCRIPCIÓN FÍSICA
Extensión 714 p.
440 ## - MENCIÓN DE SERIE/PUNTO DE ACCESO ADICIONAL--TÍTULO
Título Maxi
9 (RLIN) 160492
500 ## - NOTA GENERAL
Nota general Título original: Umibe no Kafuka
503 ## - NOTA DE HISTORIA BIBLIOGRÁFICA (BK CF MU) [OBSOLETO]
Nota de historia bibliográfica C.
590 ## - NOTA LOCAL (RLIN)
Nota local PL856.U673 K34 2013
650 ## - PUNTO DE ACCESO ADICIONAL DE MATERIA--TÉRMINO DE MATERIA
Término de materia o nombre geográfico como elemento de entrada Fiction
9 (RLIN) 152751
650 ## - PUNTO DE ACCESO ADICIONAL DE MATERIA--TÉRMINO DE MATERIA
Término de materia o nombre geográfico como elemento de entrada Japan
Subdivisión general Social life and customs
-- Fiction
9 (RLIN) 160504
650 ## - PUNTO DE ACCESO ADICIONAL DE MATERIA--TÉRMINO DE MATERIA
Término de materia o nombre geográfico como elemento de entrada Japanese literature
Subdivisión general 21st century
9 (RLIN) 160499
650 ## - PUNTO DE ACCESO ADICIONAL DE MATERIA--TÉRMINO DE MATERIA
Término de materia o nombre geográfico como elemento de entrada Japón
Subdivisión general Vida social y costumbres
-- Novela
9 (RLIN) 160505
650 ## - PUNTO DE ACCESO ADICIONAL DE MATERIA--TÉRMINO DE MATERIA
Término de materia o nombre geográfico como elemento de entrada Literatura japonesa
Subdivisión general Siglo XXI
9 (RLIN) 160500
650 ## - PUNTO DE ACCESO ADICIONAL DE MATERIA--TÉRMINO DE MATERIA
Término de materia o nombre geográfico como elemento de entrada Novela
9 (RLIN) 82011
700 ## - PUNTO DE ACCESO ADICIONAL--NOMBRE DE PERSONA
Nombre de persona Porta, Lourdes, tr.
9 (RLIN) 160502
901 ## - ELEMENTOS DE DATOS A LOCAL LDA (RLIN)
a 808.8381 M87 K34 2013
902 ## - ELEMENTOS DE DATOS B LOCAL, LDB (RLIN)
a A
905 ## - ELEMENTOS DE DATOS E LOCAL, LDE (RLIN)
a 5232272013 mx x 8222222322spa16
942 ## - ELEMENTOS DE PUNTO DE ACCESO ADICIONAL (KOHA)
Tipo de ítem Koha Libro
Fuente del sistema de clasificación o colocación Dewey Decimal Classification
Holdings
Estado de retiro Estado de pérdida Fuente del sistema de clasificación o colocación Estado dañado No para préstamo Código de colección Localización permanente Ubicación/localización actual Ubicación en estantería Fecha de adquisición Información codificada de la localización en otra ubicación Total de préstamos Renovaciones totales Código de barras Fecha visto por última vez Fecha del último préstamo Número de copia Precio válido a partir de Tipo de ítem Koha
    Dewey Decimal Classification     General Ingenieria Agroindustrial Ingenieria Agroindustrial   18/01/2022 1 2 1 dia_010556 10/10/2025 28/08/2025 1 18/01/2022 Libro